Zweite Olmützer Schreibwerkstatt /

Corporate Author: Univerzita Palackého. Katedra germanistiky
Other Authors: Gunsenheimer, Birgit
Language: German
Published: Olomouc : Palacký-Universität in Olmütz, 2010
Edition: 1. Aufl.
Subjects:
Physical Description: 27 s. : il. ; 21 cm
Book
Saved in:
LEADER 02033nam a2200541 a 4500
001 nkc20112172472
003 CZ PrNK
005 20110603101924.0
007 ta
008 110303s2010 xr a e 000 0 ger
015 |a cnb002172472 
020 |a 978-80-244-2679-2  |q (brož.) 
035 |a (OCoLC)730407779 
040 |a OLA001  |b cze  |d BOA001  |d ABA001 
043 |a e-xr--- 
045 |a y1y1 
072 7 |a 808  |x Literární styl. Literární činnost a technika. Efektivní využívání jazyka. Spisovatelská činnost  |2 Konspekt  |9 11 
080 |a 80(=112.2)+908(4)  |2 MRF 
080 |a 81'24  |2 MRF 
080 |a 808.1  |2 MRF 
080 |a (437.3)  |2 MRF 
080 |a (079)371.27  |2 MRF 
080 |a (082)  |2 MRF 
245 0 0 |a Zweite Olmützer Schreibwerkstatt /  |c [herausgegeben vom ... Birgit Gunsenheimer] 
246 3 |a 2. Olmützer Schreibwerkstatt 
250 |a 1. Aufl. 
260 |a Olomouc :  |b Palacký-Universität in Olmütz,  |c 2010 
300 |a 27 s. :  |b il. ;  |c 21 cm 
500 |a Nad názvem: Palacký-Universität in Olmütz, Philosophische Fakultät, Lehrstuhl für Germanistik 
648 7 |a 2010  |7 ch967319  |2 czenas 
650 0 7 |a literární práce  |7 ph138747  |z Česko  |y 2001-2010  |2 czenas 
650 0 7 |a germanistika  |7 ph120553  |z Česko  |2 czenas 
650 0 7 |a jazyková výuka  |7 ph162894  |2 czenas 
650 0 9 |a writings  |z Czechia  |y 2001-2010  |2 eczenas 
650 0 9 |a Germanic studies  |z Czechia  |2 eczenas 
650 0 9 |a language teaching and learning  |2 eczenas 
655 7 |a studentské práce  |7 fd186738  |2 czenas 
655 7 |a sborníky  |7 fd163935  |2 czenas 
655 9 |a student writings  |2 eczenas 
655 9 |a miscellanea  |2 eczenas 
700 1 |a Gunsenheimer, Birgit  |7 mzk2008479617  |4 edt 
710 2 |a Univerzita Palackého.  |b Katedra germanistiky  |7 mzk2005280265 
910 2 |a BOA001  |b 2-1264.229 
928 9 |a Univerzita Palackého v Olomouci 
990 |a BK 
995 |a 01 
991 |b 201104  |c NOV  |e n 
996 6 |b 2610473400  |c 2-1264.229  |l MZK  |r Sklad / do 1 hodiny  |n 0  |p p.v.  |w 001173296  |u 000010  |a 1  |e BOA001  |j MZK50  |s P